[Event "BRA-ch66 sf2"]
[Site "BRA"]
[Date "1999.??.??"]
[Round "2"]
[White "Coutinho, Roberto Cid"]
[Black "Disconzi da Silva, Rodrigo"]
[Result "0-1"]
[WhiteElo "2095"]
[BlackElo "2336"]

1.e4 c5 2.Nf3 d6 3.Bb5+ Nd7 4.c4 Nf6 5.Nc3 g6 6.O-O Bg7 7.d4 cxd4 8.Nxd4 O-O
9.Nc2 Nc5 10.f3 a6 11.Ba4 Nfd7 12.Ne3 Nb6 13.Bc2 Be6 14.Qe2 Bxc3 15.bxc3 Rc8
16.Rb1 Ncd7 17.Bb3 Qc7 18.Nd5 Bxd5 19.cxd5 f6 20.Bh6 Rfe8 21.f4 Nc5 22.Bc2 Nbd7
23.Qg4 Kh8 24.Rf3 Rg8 25.Rh3 Qd8 26.Qh4 Qe8 27.Qf2 b5 28.Qd4 Qf7 29.Rd1 Rge8
30.Re3 Kg8 31.h4 e5 32.dxe6 Qxe6 33.h5 Qxa2 34.Bb1 Qf7 35.hxg6 hxg6 36.Rg3 Nf8
37.f5 Nb3 38.Qe3 g5 39.Bxg5 fxg5 40.Qxg5+ Kh8 41.Rxd6 Nh7 42.Rh6 Rg8 43.Rxh7+ Qxh7
44.Qf6+ Rg7 45.Rh3 Qxh3  0-1

[Event "Bratto op 19th"]
[Site "Bratto"]
[Date "1999.??.??"]
[Round "7"]
[White "Di Fonzo, Valerio"]
[Black "Battaggia, Piergiorgio"]
[Result "1/2-1/2"]
[WhiteElo "2211"]
[BlackElo "2083"]

1.e4 c5 2.Nf3 d6 3.Bb5+ Bd7 4.Bxd7+ Qxd7 5.O-O Nc6 6.b3 Nf6 7.Re1 e6 8.Bb2 Be7
9.d4 cxd4 10.Nxd4 O-O 11.c4 a6 12.Nc3 Rfd8 13.h3 Nxd4 14.Qxd4 b5 15.Rad1 Qb7
16.Qd3 Rab8 17.cxb5 axb5  1/2-1/2

[Event "Budapest FS07 Elo"]
[Site "Budapest"]
[Date "1999.??.??"]
[Round "2"]
[White "Ritter, Gabor"]
[Black "Balogh, Viktor"]
[Result "1/2-1/2"]
[WhiteElo "2190"]
[BlackElo "2155"]

1.e4 c5 2.Nf3 d6 3.Bb5+ Bd7 4.Bxd7+ Qxd7 5.O-O Nc6 6.b3 g6 7.Bb2 e5 8.c3 Bg7
9.Na3 Nge7 10.Qe2 O-O 11.Rad1 d5 12.d4 cxd4 13.cxd4 Qg4 14.Rfe1 exd4 15.Nxd4 Qxe2
16.Rxe2 Nxd4 17.Bxd4 Bxd4 18.Rxd4 dxe4 19.Rdxe4  1/2-1/2

[Event "Radulescu Memorial"]
[Site "Calimanesti"]
[Date "1999.??.??"]
[Round "5"]
[White "Sanduleac, Vasile"]
[Black "Navratescu, Catalin"]
[Result "1-0"]
[WhiteElo "2443"]
[BlackElo "2443"]

1.e4 c5 2.Nf3 d6 3.Bb5+ Bd7 4.Bxd7+ Qxd7 5.O-O Nf6 6.d3 e6 7.Nc3 Nc6 8.Nd2 d5
9.Re1 d4 10.Ne2 Be7 11.Ng3 O-O-O 12.Nc4 b5 13.Nd2 Kb7 14.a4 a6 15.Nb3 Qc7
16.Bd2 Ra8 17.c3 Qb6 18.a5 Qa7 19.e5 Nd5 20.Qf3 Rhf8 21.c4 bxc4 22.dxc4 Ndb4
23.Bxb4 cxb4 24.Rad1 Rad8 25.Ne2 Kc7 26.Nf4 g6 27.Nd5+ Kb8 28.Nb6 Qb7 29.h4 Ka7
30.c5 f6 31.exf6 Rxf6 32.Qe4 e5 33.Nc4 Rf4 34.Qd3 Qd7 35.f3 Bxh4 36.Re4 Bg3
37.Nd6 Rxe4 38.fxe4 Bf4 39.Kh1 Qe7 40.Qc4 Rd7 41.Nc8+  1-0

[Event "CUB-ch U20"]
[Site "Camaguey"]
[Date "1999.??.??"]
[Round "2"]
[White "Perea, Osmany"]
[Black "Fernandez, Lisandro"]
[Result "1/2-1/2"]
[WhiteElo "2295"]
[BlackElo "2280"]

1.e4 c5 2.Nf3 d6 3.Bb5+ Bd7 4.Bxd7+ Qxd7 5.O-O Nc6 6.b3 Nf6 7.Qe2 e5 8.c3 Be7
9.Bb2 Qg4 10.d3 Nh5 11.Nd4 Qxe2 12.Nxe2 O-O 13.Na3 Rad8 14.c4 Nb4 15.Rfd1 a6
16.Bc3 Nc6 17.Nc2 Nd4 18.Bxd4 cxd4 19.Nb4 Nf6 20.Rab1 a5 21.Nc2 Nd7 22.Na3 d5
23.Nb5 dxe4 24.dxe4 Nc5 25.f3 Rd7 26.Nc1 f5 27.exf5 Rxf5 28.Nd3 Nxd3 29.Rxd3 Bg5
30.Re1 Re7 31.Re4 Rf8 32.h4 Be3+ 33.Kf1 Rf4 34.Nd6 Rf6 35.Nb5 Rf4 36.Nd6 Rf6
37.Nb5 Rf4  1/2-1/2

[Event "CUB-ch U20"]
[Site "Camaguey"]
[Date "1999.??.??"]
[Round "5"]
[White "Perea, Osmany"]
[Black "Hernandez, Holden"]
[Result "1/2-1/2"]
[WhiteElo "2295"]
[BlackElo "2305"]

1.e4 c5 2.Nf3 d6 3.Bb5+ Nd7 4.d4 Nf6 5.Nc3 cxd4 6.Qxd4 e5 7.Qd3 h6 8.Be3 a6
9.Bxd7+ Bxd7 10.a4 Bc6 11.a5 Be7 12.O-O O-O 13.Rfd1 Qd7 14.Nd2 Qe6 15.Nc4 Nxe4
16.Nxe4 d5 17.Nc5 Bxc5 18.Nxe5 Bb5 19.Qc3 Bxe3 20.Qxe3 Rfe8 21.Re1 Qf5 22.Qd4 Qxc2
23.Qxd5 Qc7 24.Rac1 Qe7 25.Nf3 Qd7 26.Qxd7 Rxe1+ 27.Nxe1 Bxd7 28.f3 Bc6 29.Rd1 Re8
30.Kf2 Kf8 31.Rd2 Re5 32.b4 Ke7 33.Nc2 g5 34.Nd4 Bd7 35.Nb3 f6 36.Nc5 Bc6
37.Rd4 f5 38.g3 Rd5 39.Rxd5 Bxd5 40.f4 Kd6 41.Ke3 Bg2 42.Kd4 Bf3 43.Nd3 Be4
44.Ne5 Bd5 45.h4 gxh4 46.gxh4 Bg8 47.Nc4+ Bxc4 48.Kxc4 Kc6 49.h5 b5+ 50.axb6 Kxb6
51.Kd5 Kb5 52.Ke5 Kxb4 53.Kxf5 a5 54.Kg6 a4 55.f5 a3 56.f6 a2 57.f7 a1=Q
58.f8=Q+ Kc4 59.Kxh6 Qc1+ 60.Kg6 Qg1+ 61.Kh7 Qb1+ 62.Kh8 Qe4 63.Qf7+ Kc3  1/2-1/2

[Event "Cannes op"]
[Site "Cannes"]
[Date "1999.??.??"]
[Round "4"]
[White "Rainfray, Arnaud"]
[Black "Relange, Eloi"]
[Result "1/2-1/2"]
[WhiteElo "2322"]
[BlackElo "2478"]

1.e4 c5 2.Nf3 d6 3.Bb5+ Bd7 4.Bxd7+ Qxd7 5.O-O Nf6 6.Re1 Nc6 7.c3 e6 8.d4 cxd4
9.cxd4 d5 10.e5 Ne4 11.Nbd2 Nxd2 12.Bxd2 h6 13.Rc1 Be7 14.a3 O-O 15.h3 Rfc8
16.Rc3 Qd8 17.Rd3 Qb6 18.Bc3 Rc7 19.Nh2 Bf8 20.Qh5 Ne7 21.Ng4 Nf5 22.Ne3 Nxe3
23.Rexe3 Qb3 24.Rg3 Qc2 25.Bd2 g6 26.Qh4 Qxb2 27.Kh2 Kh7 28.Rgf3 Rac8 29.g4 Rd7
30.Bxh6 Bxh6 31.g5 Qe2 32.gxh6 Rg8 33.Rde3 Qd2 34.Rf6 Rc8 35.Ref3 Rcc7 36.R6f4 f5
37.exf6 Rf7 38.Qg4 Qe2 39.Qg3 Rc1 40.Qg2 Qf1 41.Qxf1 Rxf1 42.Re3 g5 43.Rff3 Kxh6
44.Rxe6 Rd1 45.Re5 Rxd4  1/2-1/2

[Event "Canovelles opA"]
[Site "Canovelles"]
[Date "1999.??.??"]
[Round "1"]
[White "Zaiats, V."]
[Black "Casas Saez, P."]
[Result "1/2-1/2"]
[WhiteElo "2095"]
[BlackElo "1960"]

1.e4 c5 2.Nf3 d6 3.Bb5+ Bd7 4.Bxd7+ Nxd7 5.O-O Ngf6 6.Re1 g6 7.c3 Bg7 8.d3 O-O
9.Nbd2 Qc7 10.Nf1 Rac8 11.Ng3 Rfe8 12.Bf4 Qb6 13.Qc2 e5 14.Bg5 d5 15.h3 c4
16.exd5 Nxd5 17.dxc4 Rxc4 18.Rad1 Qa5 19.Ne4 Re6 20.b3 Rc8 21.c4 N5f6 22.Bd2 Qc7
23.Bb4 Nxe4 24.Qxe4 b6 25.Ng5 Ree8 26.Qd3 Nc5 27.Bxc5 Qxc5 28.Qd7 Re7 29.Qd5 Qc7
30.Ne4 h6 31.Re2 Qc6 32.Red2 Rec7 33.Nc3 Qxd5 34.Rxd5 Re8 35.Nb5 Rce7 36.Nc3 e4
37.Ne2 e3 38.fxe3 Rxe3 39.Nd4 Bxd4 40.R5xd4 Re2 41.R4d2 Kf8 42.Kf1 Rxd2 43.Rxd2 Re7
44.Kf2 f5 45.Rd5 Kf7 46.c5 Rc7 47.cxb6 axb6 48.a4 Ke6 49.Rb5 Rc6 50.Ke3 Kd6
51.Kd3 Kc7 52.a5 bxa5 53.Rxa5 Kb6 54.Re5 Kc7 55.Kd4 Kd6 56.Rd5+ Ke6 57.Rc5 Rd6+
58.Kc3 Rd1 59.Rc6+ Kf7 60.Kb2 f4 61.Rc7+ Kf6 62.Rc6+ Kf5 63.Rc5+ Kf6 64.b4  1/2-1/2

[Event "Ceske Budejovice op"]
[Site "Ceske Budejovice"]
[Date "1999.??.??"]
[Round "8"]
[White "Hosticka, Frantisek"]
[Black "Brychta, David"]
[Result "1/2-1/2"]
[WhiteElo "2235"]
[BlackElo "2105"]

1.e4 c5 2.Nf3 d6 3.Bb5+ Nd7 4.d4 cxd4 5.Qxd4 Qa5+ 6.Nc3 e6 7.O-O a6 8.Bxd7+ Bxd7
9.Bg5 h6 10.Be3 e5 11.Qd2 Rc8 12.Ne1 Nf6 13.f3 Be7 14.Nd3 Be6 15.Rfd1 Nd7
16.Qf2 f5 17.Bd2 Qb6 18.Be3 Qa5  1/2-1/2

[Event "Clichy Evaluation 3"]
[Site "Clichy"]
[Date "1999.??.??"]
[Round "7"]
[White "Licayan, Albert"]
[Black "Cossin, Sebastien"]
[Result "1/2-1/2"]
[WhiteElo "2130"]
[BlackElo "2010"]

1.e4 c5 2.Nf3 d6 3.Bb5+ Bd7 4.Bxd7+ Qxd7 5.O-O Nf6 6.e5 dxe5 7.Nxe5 Qc7 8.Re1 e6
9.Nc3 Nc6 10.Nxc6 Qxc6 11.d3 Bd6 12.Bg5 Nd7 13.Qh5 O-O 14.Re4 g6 15.Qh3 f5
16.Re2 e5 17.Qh4 b5 18.a4 a6 19.Bh6 Rfe8 20.Rae1 Be7 21.Bg5 Bxg5 22.Qxg5 Re6
23.b3 Rae8 24.Qh4 g5 25.Qh3 g4 26.Qh5 Rf8 27.axb5 axb5 28.Ra1 Rh6 29.Qg5+ Rg6
30.Qe7 Rg7 31.Qh4 e4 32.dxe4 Ne5 33.Kf1 f4 34.Nd5 f3 35.Re3 fxg2+ 36.Kxg2 Qe6
37.Rf1 Nf3 38.Qg3 h5 39.Kh1 h4 40.Qg2 Qe5 41.Rd1 Nxh2 42.Qxh2 g3 43.fxg3 hxg3
44.Ne7+ Qxe7 45.Rxg3 Qxe4+ 46.Qg2 Qh4+ 47.Rh3 Rxg2 48.Rxh4 Rg5  1/2-1/2

[Event "CZE-chT2 9899"]
[Site "CZE"]
[Date "1999.??.??"]
[Round "?"]
[White "Lamser, Jan"]
[Black "Belaska, Premysl"]
[Result "1/2-1/2"]
[WhiteElo "2230"]
[BlackElo "2290"]

1.e4 c5 2.Nf3 d6 3.Bb5+ Nd7 4.c3 a6 5.Ba4 Nf6 6.Qe2 b5 7.Bc2 Bb7 8.O-O Qc7
9.d3 g6 10.Nbd2 Bg7 11.Rd1 O-O 12.Nf1 Rfe8 13.Bg5 h6 14.Bd2 e5 15.Rac1 d5
16.Ng3 Rad8 17.h4  1/2-1/2

[Event "CZE-chT2 9899"]
[Site "CZE"]
[Date "1999.??.??"]
[Round "?"]
[White "Zahorbensky, Jaroslav"]
[Black "Salac, Jiri"]
[Result "1/2-1/2"]
[WhiteElo "2160"]
[BlackElo "2205"]

1.e4 c5 2.Nf3 d6 3.Bb5+ Bd7 4.Bxd7+ Qxd7 5.O-O g6 6.c4 Bg7 7.Nc3 Nc6 8.d3 e6
9.Be3 Nd4 10.Bxd4 cxd4 11.Nb5 e5 12.Qa4 Ke7 13.Qa5 b6 14.Qb4 Nh6 15.Ng5 f6
16.Nf3 Nf7 17.a4 Nd8 18.Na3 h5 19.Nc2 h4 20.Qb5 Ne6 21.Nb4 Nc7 22.Qxd7+ Kxd7
23.Ne1 Bh6 24.Nec2 f5 25.f3 Bd2 26.Kf2 f4 27.Nd5 Be3+ 28.Ke2 Nxd5 29.exd5 a5
30.h3 Rh5 31.Rfd1  1/2-1/2

[Event "CZE-chT2 9899"]
[Site "CZE"]
[Date "1999.??.??"]
[Round "?"]
[White "Kucera, Petr"]
[Black "Hausner, Ivan"]
[Result "0-1"]
[WhiteElo "2365"]
[BlackElo "2415"]

1.e4 c5 2.Nf3 d6 3.Bb5+ Nd7 4.c3 Nf6 5.Qe2 a6 6.Ba4 c4 7.Bxd7+ Bxd7 8.e5 dxe5
9.Nxe5 b5 10.Nxd7 Qxd7 11.a4 Rd8 12.axb5 axb5 13.Ra5 e6 14.b3 Nd5 15.O-O Nf4
16.Qe5 Bd6 17.Qxb5 cxb3 18.d4 O-O 19.Bxf4 Bxf4 20.g3 Bc7 21.Qxd7 Rxd7 22.Ra7 e5
23.Na3 Rb8 24.d5 Kf8 25.d6 Bxd6 26.Rxd7 Bxa3 27.Rfd1 Ke8 28.R7d5 f6 29.f4 b2
30.Rb1 Rb3 31.Rd2 Rxc3 32.Kg2 Rb3 33.h4 Ke7 34.Rc2 Kd6 35.Rd1+ Ke6 36.Rb1 h5
37.Rd2 f5 38.Rc2 e4  0-1

[Event "CZE-chT 9899"]
[Site "CZE"]
[Date "1999.??.??"]
[Round "5"]
[White "Nemec, Pavel"]
[Black "Jirovsky, Pavel"]
[Result "1/2-1/2"]
[WhiteElo "2275"]
[BlackElo "2395"]

1.e4 c5 2.Nf3 d6 3.Bb5+ Bd7 4.Bxd7+ Qxd7 5.c4 Nc6 6.d4 cxd4 7.Nxd4 g6 8.Nc3 Bg7
9.Be3 Nf6 10.h3 O-O 11.O-O Rfc8 12.b3 Qd8 13.Qd2 a6 14.Rfe1 Qa5 15.Nxc6 Rxc6
16.a4 e6 17.Ra2 Nd7 18.Bd4 Bxd4 19.Qxd4 Rac8 20.Re3 Nc5  1/2-1/2

[Event "CZE-chT 9899"]
[Site "CZE"]
[Date "1999.??.??"]
[Round "6"]
[White "Fuksik, Jakub"]
[Black "Belunek, Vladimir"]
[Result "0-1"]
[WhiteElo "2270"]
[BlackElo "2240"]

1.e4 c5 2.Nf3 d6 3.Bb5+ Bd7 4.Bxd7+ Qxd7 5.c4 Nc6 6.Nc3 g6 7.d4 cxd4 8.Nxd4 Bg7
9.Nde2 Nf6 10.f3 O-O 11.Be3 b6 12.O-O Qb7 13.Qd2 Rfd8 14.Rfd1 a6 15.Nd5 Nd7
16.Rac1 e6 17.Nb4 Nde5 18.b3 b5 19.Nxc6 Nxc6 20.Bf4 bxc4 21.Rxc4 d5 22.exd5 Rxd5
23.Qc1 Rxd1+ 24.Qxd1 Rd8 25.Qc1 Nb4 26.Be3 Nxa2 27.Qa3 Rd3 28.Kf2 Nc3 29.Nxc3 Rxc3
30.Qa5 Rxc4 31.Qd8+ Bf8 32.bxc4 Qb2+ 33.Kg3 Qe2 34.Bf4 Qe1+ 35.Kh3 Qb4 36.Bh6 Qc5
37.g4 f5 38.Bxf8 fxg4+ 39.Kxg4 Qxf8 40.Qc8 Qxc8  0-1

[Event "Dresden op"]
[Site "Dresden"]
[Date "1999.??.??"]
[Round "?"]
[White "Kindermann, Stefan"]
[Black "Gutman, Lev"]
[Result "0-1"]
[WhiteElo "2525"]
[BlackElo "2470"]

1.e4 c5 2.Nf3 d6 3.Bb5+ Nc6 4.Bxc6+ bxc6 5.O-O e5 6.c3 Bg4 7.d3 Ne7 8.Nbd2 f6
9.Qa4 Bd7 10.Qc2 Ng6 11.d4 cxd4 12.cxd4 Be7 13.b3 O-O 14.Ba3 Nf4 15.Kh1 Qe8
16.g3 Nh3 17.Qd3 Rd8 18.Qe3 Qh5 19.Rac1 Rf7 20.Rc3 exd4 21.Qxd4 c5 22.Qd5 f5
23.exf5 Rc8 24.Rxc5 dxc5 25.Qxd7 Rd8 26.Qe6 Qxf5 27.Qxf5 Rxf5 28.Kg2 Ng5
29.Re1 Bf8 30.Re2 Nxf3 31.Nxf3 a5 32.Bb2 a4 33.bxa4 Ra8 34.Re4 Rd5 35.Bc3 Rd1
36.Ne5 Rc1 37.Rc4 Rc2 38.a3 Be7 39.Kf3 Bf6 40.Ke4 Rxf2 41.Ng4 Re8+ 42.Kd5 Rf5+
43.Kc6 Bxc3 44.Rxc3 c4 45.Ne3 Rf3 46.Nd5 Rxc3 47.Nxc3 Re3  0-1

[Event "Dresden (Women)"]
[Site "Dresden"]
[Date "1999.??.??"]
[Round "?"]
[White "Kosteniuk, Alexandra"]
[Black "Madl, Ildiko"]
[Result "1/2-1/2"]
[WhiteElo "2320"]
[BlackElo "2435"]

1.e4 c5 2.Nf3 d6 3.Bb5+ Bd7 4.Bxd7+ Qxd7 5.O-O Nc6 6.c3 Nf6 7.d4 Nxe4 8.d5 Ne5
9.Re1 Nxf3+ 10.Qxf3 Nf6 11.c4 e5 12.dxe6 fxe6 13.Nc3 Be7 14.Qe2 h6 15.Qxe6 Qxe6
16.Rxe6 Kf7 17.Re2 d5 18.cxd5 Rad8 19.Bd2  1/2-1/2

[Event "COL-ch sf"]
[Site "Duitama"]
[Date "1999.??.??"]
[Round "?"]
[White "Cuartas, Jaime Alexander"]
[Black "Acosta, Alejandro"]
[Result "1-0"]
[WhiteElo "2365"]
[BlackElo "2306"]

1.e4 c5 2.Nf3 d6 3.Bb5+ Nd7 4.O-O Nf6 5.Re1 a6 6.Bf1 Qc7 7.c3 e5 8.d4 b6
9.Qb3 h6 10.Bc4 Nb8 11.dxe5 dxe5 12.Nxe5 Qxe5 13.Bxf7+ Ke7 14.f4 Qc7 15.e5 Ne8
16.Bg8 Rxg8 17.Qxg8 Be6 18.Qh7 Qd7 19.Qg6 Nc6 20.Be3 Rd8 21.Bf2 Qd5 22.Na3  1-0

[Event "Elista"]
[Site "Elista"]
[Date "1999.??.??"]
[Round "4"]
[White "Erendzenov, Stanislav"]
[Black "Utnasunov, Alexander"]
[Result "1-0"]
[WhiteElo "2307"]
[BlackElo "2140"]

1.e4 c5 2.Nf3 d6 3.Bb5+ Bd7 4.Bxd7+ Qxd7 5.c4 Nc6 6.O-O g6 7.Nc3 Bg7 8.d3 e6
9.Be3 Nge7 10.d4 cxd4 11.Nxd4 O-O 12.Rc1 Rac8 13.b3 f5 14.exf5 gxf5 15.f4 Ng6
16.Ndb5 b6 17.Qd2 Rfd8 18.Nd4 Nce7 19.Nf3 e5 20.Nd5 Qb7 21.Ng5 Nxd5 22.cxd5 Rxc1
23.Rxc1 exf4 24.Bf2 Rc8 25.Rd1 Qc7 26.Qe2 Ne5 27.Qh5 h6 28.Ne6 Qf7 29.Qe2 f3
30.gxf3 Qh5 31.Kg2 Rc3 32.Nxg7 Kxg7 33.Bd4 Qg5+ 34.Kh1 Rc1 35.Bxe5+ dxe5
36.Qxe5+ Kg6 37.Qe8+ Kg7 38.Qe2 Rxd1+ 39.Qxd1 Qe7 40.d6 Qd7 41.Qd5 Kf6 42.f4 a6
43.Kg2 Qc8 44.Qd4+ Ke6 45.Qe5+ Kf7 46.Kf3 a5 47.Qd5+ Kf6 48.Qd4+ Kf7 49.d7 Qd8
50.Qd6 b5 51.Ke3 b4 52.Kd4 h5 53.Ke5 Qh8+ 54.Kxf5  1-0

[Event "Cataluna-chT"]
[Site "ESP"]
[Date "1999.??.??"]
[Round "2"]
[White "Perez Lopez, Jesus Maria"]
[Black "Martin Gonzalez, Angel"]
[Result "1/2-1/2"]
[WhiteElo "2270"]
[BlackElo "2490"]

1.e4 c5 2.Nf3 d6 3.Bb5+ Nc6 4.O-O Nf6 5.Re1 Bd7 6.c3 a6 7.Bf1 e5 8.a4 Be7
9.Na3 O-O 10.Nc4 Nxe4 11.Rxe4 d5 12.Re1 dxc4 13.Nxe5 Nxe5 14.Rxe5 Bd6 15.Re1 Qf6
16.d3 Rfe8 17.Rxe8+ Rxe8 18.dxc4 Bc6 19.Bd2 h6 20.Qg4 Re6 21.Be3 Qe5 22.g3 f5
23.Qh3 g5 24.Bg2 g4 25.Qh4 Bxg2 26.Kxg2 Kg7 27.Rd1 Be7 28.Qh5 Qe4+ 29.Kg1 Qxc4
30.Qe8 Qe4 31.Rd7 Qb1+ 32.Kg2 Qe4+ 33.Kg1 Qb1+ 34.Kg2 Qe4+  1/2-1/2

[Event "Cataluna-chT"]
[Site "ESP"]
[Date "1999.??.??"]
[Round "6"]
[White "Magem Badals, Jorge"]
[Black "Cuadras Avellana, Jorge"]
[Result "1/2-1/2"]
[WhiteElo "2575"]
[BlackElo "2455"]

1.e4 c5 2.Nf3 d6 3.Bb5+ Bd7 4.Bxd7+ Qxd7 5.c4 g6 6.d4 cxd4 7.Nxd4 Bg7 8.Nc3 Nc6
9.Nde2 Nf6 10.O-O O-O 11.f3 a6 12.a4 Qd8 13.Be3 Nd7 14.b3 Nc5 15.Rb1 Rc8
16.Qd2 Na5 17.Qa2 Nc6 18.Rfd1 Qa5 19.Qd2 Nd7 20.Nd5 Qxd2 21.Rxd2 f5 22.exf5 Rxf5
23.f4 Rf7 24.g3 Nf6 25.Kg2 Nxd5 26.Rxd5 Rcf8 27.Rbd1 Rf5 28.Bb6 Rxd5 29.Rxd5 Rf5
30.Rd1 Bb2 31.g4 Rf8 32.Rd5 Ba3 33.h3 Nb8 34.Be3 Nd7 35.Rd1 Bc5 36.Bc1 e5
37.Rf1 exf4 38.Nxf4 Re8 39.Nd3 Re2+ 40.Kf3 Rc2 41.Nxc5 Nxc5 42.Bh6 Kf7 43.Kg3+ Ke6
44.Re1+ Kd7 45.Rf1 Rc3+ 46.Kh4 Rxb3 47.Rf7+ Ke6 48.Rxh7 Ne4 49.Rh8 Nf6 50.Bg5 Kf7
51.Rd8 Rd3 52.c5 Ne4 53.Rd7+ Ke6 54.Re7+ Kd5 55.cxd6 Nxd6 56.Bf4 Ne4 57.Rxb7 Rf3
58.Bh6 Nf2 59.Rd7+ Kc4 60.Kg5 Rxh3 61.Bg7 Rg3 62.Rd4+ Kc5 63.a5 Rxg4+ 64.Rxg4 Nxg4
65.Kxg4 Kb4  1/2-1/2

[Event "Tres Peons op"]
[Site "ESP"]
[Date "1999.??.??"]
[Round "7"]
[White "Escuder Vilaltella, J."]
[Black "Severri Arrese, Carles"]
[Result "1-0"]
[WhiteElo "2310"]
[BlackElo "2140"]

1.e4 c5 2.Nf3 d6 3.Bb5+ Bd7 4.Bxd7+ Nxd7 5.O-O g6 6.c3 Ngf6 7.Re1 Bg7 8.d4 e5
9.dxe5 Nxe5 10.Bg5 O-O 11.Na3 Qe7 12.Qe2 Qe6 13.Nxe5 dxe5 14.Nc4 h6 15.Bxf6 Bxf6
16.Ne3 Kh7 17.Nd5 Bd8 18.Rad1 Rc8 19.c4 Ba5 20.Rf1 Rce8 21.Qe3 Rc8 22.g3 Bd8
23.f4 exf4 24.gxf4 Re8 25.Rde1 Rc6 26.Kh1 Qg4 27.Qf3 Qxf3+ 28.Rxf3 Rce6 29.Rfe3 g5
30.f5 Re5 31.Kg2 h5 32.h3 Kh6 33.Kf3 Kg7 34.R1e2 Bf6 35.Ra3 a6 36.Rb3 b5
37.cxb5 g4+ 38.hxg4 hxg4+ 39.Kf4 Rxd5 40.exd5 Rxe2 41.bxa6 Be5+ 42.Kxg4 Re4+
43.Kf3 Ra4 44.Ra3 Rxa3+ 45.bxa3 Bb8 46.Ke4 Kf8 47.d6 Ba7 48.Kd5 Ke8 49.Kc6 Kd8
50.Kb7 c4 51.Kxa7 c3 52.Kb6 c2 53.a7 Kd7 54.a8=Q c1=Q 55.Qa4+ Kxd6 56.Qd4+ Ke7
57.Qc5+ Qxc5+ 58.Kxc5 Kf6 59.a4 Kxf5 60.a5 Ke6 61.a6  1-0

[Event "Espoo op"]
[Site "Espoo"]
[Date "1999.??.??"]
[Round "2"]
[White "Nyysti, Sampsa"]
[Black "Salmensuu, Olli"]
[Result "0-1"]
[WhiteElo "2178"]
[BlackElo "2449"]

1.e4 c5 2.Nf3 d6 3.Bb5+ Bd7 4.Bxd7+ Nxd7 5.O-O Ngf6 6.Qe2 e6 7.c3 Ne5 8.Nxe5 dxe5
9.Na3 Qc7 10.d3 a6 11.f4 exf4 12.Bxf4 Qc6 13.Nc4 Be7 14.Ne5 Qc8 15.Bg5 O-O
16.Ng4 Nxg4 17.Qxg4 Bxg5 18.Qxg5 f6 19.Qh5 e5 20.Rf3 Qe8 21.Qh4 Rd8 22.Rh3 h6
23.Rg3 Kh8 24.Rf1 Rd6 25.Rf5 Qd7 26.Rh5 Rd8 27.Rg6 Rb6 28.b3 Qf7 29.Rgxh6+ gxh6
30.Rxh6+ Kg7 31.Rh7+ Kf8 32.Qh6+ Ke8 33.Rxf7 Kxf7 34.Qh7+ Ke6 35.h4 Rxd3
36.h5 Rg3 37.h6 Rd6 38.Qxb7 Rd2 39.Qxa6+ Kf7 40.a4 Rgxg2+ 41.Kf1 Rdf2+ 42.Ke1 Ra2
43.Kf1 Rgf2+ 44.Kg1 Kg6 45.Qd3 Rg2+ 46.Kf1 Raf2+ 47.Ke1 Ra2 48.Kf1 Rh2 49.Kg1 Rxh6
50.Qd8 Kg5 51.Qg8+ Kf4 52.Qc4 Rg6+ 53.Kh1 Ra1+ 54.Kh2 Rh6+ 55.Kg2 Rah1  0-1

[Event "Exeter Premier"]
[Site "Exeter"]
[Date "1999.??.??"]
[Round "4"]
[White "James, Russel"]
[Black "Lee, Nicholas S"]
[Result "0-1"]
[WhiteElo "2155"]
[BlackElo "2135"]

1.e4 c5 2.Nf3 d6 3.Bb5+ Nd7 4.O-O a6 5.Bxd7+ Bxd7 6.Nc3 g6 7.e5 Bc6 8.d3 Bg7
9.Re1 e6 10.Bf4 Bxf3 11.Qxf3 d5 12.Rab1 Qc7 13.Rbd1 Ne7 14.Bg5 Nf5 15.Bf6 Bxf6
16.exf6 O-O-O 17.Rd2 g5 18.Qe2 h5 19.Qe5 Rh6 20.Na4 Qa5 21.Nc3 d4 22.Nb1 Rg8
23.Qe2 Rxf6 24.Qxh5 Rg7 25.Rde2 Qc7 26.Qf3 Rh6 27.h3 Rg8 28.Re5 g4 29.Qf4 gxh3
30.Rxf5 Qxf4 31.Rxf4 hxg2  0-1

[Event "FIN-chTB9899"]
[Site "FIN"]
[Date "1999.??.??"]
[Round "7"]
[White "Pietinen, Pekka"]
[Black "Fieandt, John"]
[Result "1-0"]
[WhiteElo "2090"]
[BlackElo "2215"]

1.e4 c5 2.Nf3 d6 3.Bb5+ Nd7 4.c3 Nf6 5.Qe2 a6 6.Ba4 e6 7.O-O Qa5 8.Bc2 Ne5
9.d3 Be7 10.Nbd2 Ng6 11.g3 Qc7 12.a4 b6 13.Re1 Bb7 14.Nf1 O-O 15.Ng5 h6 16.Nh3 e5
17.Ne3 d5 18.f3 b5 19.Nf2 d4 20.Nf5 dxc3 21.bxc3 Rfe8 22.Be3 Rac8 23.axb5 axb5
24.Reb1 b4 25.Ba4 Red8 26.Nxe7+ Nxe7 27.cxb4 cxb4 28.Rxb4 Ba6 29.Qb2 Rb8
30.Rb1 Rxb4 31.Qxb4 Rc8 32.Rc1 Qb7 33.Qxb7 Rxc1+ 34.Bxc1 Bxb7 35.Bb2 Ng6
36.Nd1 Ba6 37.d4 exd4 38.Bxd4 Nf8 39.Bxf6 gxf6 40.Kf2 Kg7 41.Ne3 Ne6 42.Nf5+ Kg6
43.Ke3 Bc4 44.Nd6 Ba2 45.Bc6 Nc7 46.Ne8 Nxe8 47.Bxe8 f5 48.e5 Be6 49.Kf4 Bc8
50.Bb5 f6 51.Bd3 h5 52.Bc4 fxe5+ 53.Kxe5 h4 54.f4 hxg3 55.hxg3 Bb7 56.Bd3 Bc8
57.g4 Bb7  1-0

[Event "FRA-chT 9899"]
[Site "FRA"]
[Date "1999.??.??"]
[Round "2"]
[White "Degraeve, Jean Marc"]
[Black "Hodgson, Julian M"]
[Result "0-1"]
[WhiteElo "2536"]
[BlackElo "2565"]

1.e4 c5 2.Nf3 d6 3.Bb5+ Bd7 4.Bxd7+ Nxd7 5.O-O Ngf6 6.Qe2 e6 7.b3 Be7 8.Bb2 O-O
9.c4 a6 10.d4 cxd4 11.Nxd4 Qb6 12.Kh1 Rfe8 13.f4 Qc5 14.Nf3 b5 15.e5 Ng4
16.Na3 Qe3 17.Qxe3 Nxe3 18.Rfe1 Ng4 19.exd6 Bxd6 20.g3 Bc5 21.Nb1 bxc4 22.bxc4 Nf2+
23.Kg2 Nd3 24.Re2 Nxb2 25.Rxb2 e5 26.Nc3 e4 27.Ng1 Nb6 28.Rc2 Nxc4 29.Nd5 Rad8
30.Rxc4 Rxd5 31.Re1 f5 32.g4 g6 33.gxf5 gxf5 34.Ne2 Be3 35.Rc2 Red8 36.Rb1 Rd2
37.Rbb2 Kg7 38.Rb7+ Kg6 39.Rc6+ R8d6 40.Rxd6+ Rxd6 41.Rb2 h5 42.Rc2 h4 43.Rc3 Bb6
44.Rc2 Kh5 45.Rb2 Kg4 46.h3+ Kh5 47.Rc2 Rd3 48.Rc6 Re3 49.Rxb6 Rxe2+ 50.Kg1 Re3
51.Kg2 Rg3+  0-1

[Event "FRA-chT 9899"]
[Site "FRA"]
[Date "1999.??.??"]
[Round "4"]
[White "Baklan, Vladimir"]
[Black "Bernard, Christophe"]
[Result "1-0"]
[WhiteElo "2552"]
[BlackElo "2356"]

1.e4 c5 2.Nf3 d6 3.Bb5+ Bd7 4.Bxd7+ Qxd7 5.c4 Nc6 6.d4 cxd4 7.Nxd4 Nf6 8.Nc3 e6
9.O-O Be7 10.Be3 O-O 11.Rc1 Rfc8 12.b3 Rab8 13.h3 a6 14.a4 Bd8 15.Nde2 Ne7
16.Qd3 Bc7 17.Rfd1 Qe8 18.f4 Nc6 19.Bf2 Rd8 20.Bh4 Rd7 21.Kh1 Bd8 22.Bf2 Ba5
23.Qf3 Qd8 24.Bh4 Qb6 25.Bxf6 gxf6 26.Ng3 Qd8 27.Nh5 Kh8 28.Qg3 Qf8 29.Nxf6 Rdd8
30.Qh4 Qg7 31.Rd3 Ne7 32.Nh5 Ng6 33.Qxd8+ Rxd8 34.Nxg7 Nxf4 35.Rf3  1-0

[Event "FRA-chT 9899"]
[Site "FRA"]
[Date "1999.??.??"]
[Round "6"]
[White "Zangrilli, David"]
[Black "Harovelo, Ingmar"]
[Result "1/2-1/2"]
[WhiteElo "2243"]
[BlackElo "2295"]

1.e4 c5 2.Nf3 d6 3.Bb5+ Bd7 4.Bxd7+ Nxd7 5.O-O Ngf6 6.Qe2 e6 7.c3 Be7 8.d4 cxd4
9.cxd4 d5 10.e5 Ne4 11.Ne1 Rc8 12.Nd3 h6 13.f3 Ng5 14.Nc3 Qb6 15.Be3 O-O
16.Rae1 Rfe8 17.Qf2 Qa6 18.Rd1 Nb6 19.h4 Nh7 20.Qg3 Kh8 21.Nf4 Nc4 22.Bc1 Qb6
23.Na4 Qd8 24.Nh5 g6 25.Bxh6 Rg8 26.Nf6 Nxf6 27.exf6 Bxf6 28.Bg5 Bxg5 29.hxg5 Kg7
30.b3 Qd6 31.f4 Na5 32.Nc5 b6 33.Nd3 Rc3 34.Rc1 Rgc8 35.Rxc3 Rxc3 36.Rf3 Rc8
37.Qe1 Nc6 38.Rh3 Rg8 39.Qh4 Kf8 40.Qh6+ Ke8 41.Qh7 Qf8 42.Ne5 Nxe5 43.fxe5 Ke7
44.Rf3 Ke8 45.Rh3 Ke7 46.Rf3 Qe8 47.Rc3 Kd7 48.Rf3 Rf8 49.Qg7 Qe7 50.a4 Kc6
51.Qf6 Qb4 52.Qf4 Kb7 53.Qe3 Ka6 54.Qd3+ Ka5 55.Rf1 a6 56.Rc1 Rh8 57.g3 Rh5
58.Qe3 b5 59.Ra1 Kb6 60.axb5 axb5 61.Rf1 Rh7 62.Rf2 Kb7 63.Kg2  1/2-1/2

[Event "NOR-ch op"]
[Site "Gausdal"]
[Date "1999.??.??"]
[Round "9"]
[White "Westerinen, Heikki MJ"]
[Black "Nordahl, Helge"]
[Result "1/2-1/2"]
[WhiteElo "2393"]
[BlackElo "2247"]

1.e4 c5 2.Nf3 d6 3.Bb5+ Nd7 4.c3 Nf6 5.Qe2 a6 6.Ba4 g6 7.O-O Bg7 8.d4 O-O
9.e5 Ne8 10.e6 fxe6 11.Bb3 Nc7  1/2-1/2

[Event "Gent op 22nd"]
[Site "Gent"]
[Date "1999.??.??"]
[Round "3"]
[White "Van Haastert, Edwin"]
[Black "Van Arkel, Rogier"]
[Result "1-0"]
[WhiteElo "2415"]
[BlackElo "2140"]

1.e4 c5 2.Nf3 d6 3.Bb5+ Nd7 4.O-O Nf6 5.d4 cxd4 6.Qxd4 e6 7.Nc3 a6 8.Bxd7+ Nxd7
9.Rd1 Qc7 10.Bf4 e5 11.Nd5 Qc6 12.Bxe5 dxe5 13.Nxe5 Qd6 14.Nc4 Qc6 15.Ndb6 Rb8
16.Nxd7 Qxd7 17.Qe5+ Qe6 18.Qc7 Be7 19.Nd6+ Bxd6 20.Rxd6 Qxe4 21.Rd8+  1-0

[Event "Oberliga Nord O9899"]
[Site "GER"]
[Date "1999.??.??"]
[Round "?"]
[White "Volkmer, Andreas"]
[Black "Buck, Jens"]
[Result "1/2-1/2"]
[WhiteElo "2220"]
[BlackElo "2195"]

1.e4 c5 2.Nf3 d6 3.Bb5+ Bd7 4.Bxd7+ Qxd7 5.O-O Nc6 6.c3 Nf6 7.Qe2 e6 8.d4 Qc7
9.d5 Nd8 10.c4 Nd7 11.Nc3 e5 12.Nh4 g6 13.f4 exf4 14.Bxf4 a6 15.Nf3 Bg7 16.Rae1 f6
17.Qf2 Nf7 18.Qg3 O-O 19.h4 Rfe8 20.h5 g5 21.Bc1 Nde5 22.Nd2 Qd7 23.b3 b5  1/2-1/2